Vắc-xin và sản xuất vắc-xin

Lược sử sản xuất và thành tựu ngành vắc-xin. Đại cương về đáp ứng miễn dịch. Phân loại vắc-xin. Trình bày quy trình sản xuất và kiểm soát sản xuất vắc-xin, chất bổ trợ, các loại virus dùng làm vector cho vắc-xin, vector vi khuẩn trong sản x...

Volledige beschrijving

Bewaard in:
Bibliografische gegevens
Hoofdauteur: Đinh, Xuân Phát
Formaat: Boek
Taal:Undetermined
Gepubliceerd in: Thành phố Hồ Chí Minh Đại học Quốc gia Thành phố Hồ Chí Minh 2019
Onderwerpen:
Tags: Voeg label toe
Geen labels, Wees de eerste die dit record labelt!
Thư viện lưu trữ: Trung tâm Học liệu Trường Đại học Cần Thơ
LEADER 01165nam a2200205Ia 4500
001 CTU_238168
008 210402s9999 xx 000 0 und d
020 |c 140000 
082 |a 636.089 
082 |b Ph110 
100 |a Đinh, Xuân Phát 
245 0 |a Vắc-xin và sản xuất vắc-xin 
245 0 |c Đinh Xuân Phát 
260 |a Thành phố Hồ Chí Minh 
260 |b Đại học Quốc gia Thành phố Hồ Chí Minh 
260 |c 2019 
520 |a Lược sử sản xuất và thành tựu ngành vắc-xin. Đại cương về đáp ứng miễn dịch. Phân loại vắc-xin. Trình bày quy trình sản xuất và kiểm soát sản xuất vắc-xin, chất bổ trợ, các loại virus dùng làm vector cho vắc-xin, vector vi khuẩn trong sản xuất vắc-xin, công nghệ nghiên cứu và sản xuất vắc-xin hiện đại, vắc-xin ADN 
650 |a Veterinary epidemiology,Veterinary vaccines,Dịch tễ học thú y,Vắc xin thú y 
910 |a Tuyến 
980 |a Trung tâm Học liệu Trường Đại học Cần Thơ